Valeurs et objectifs d'un parti politique démocrate, social et chrétien /

Saved in:
Bibliographic Details
Main Author: Ngoma-Binda, P. 1951-
Other Authors: Mutamba Makombo.
Format: Book
Language:French
Published: Kinshasa : Publications de l'Ifep, c1997.
Subjects:
Tags: Add Tag
No Tags, Be the first to tag this record!
LEADER 00946nam a2200265 a 4500
001 007769002-8
005 20071204131216.0
008 010226s1997 cg b 000 0 fre c
035 0 |a ocm46322488 
040 |a IUL  |c IUL 
042 |a pcc 
043 |a f-cg--- 
050 4 |a JQ3619.A45  |b N46 1997 
100 0 |a Ngoma-Binda, P.  |q (Phambu),  |d 1951- 
245 1 0 |a Valeurs et objectifs d'un parti politique démocrate, social et chrétien /  |c sous la direction de P. Ngoma-Binda et J.M. Mutamba Makombo. 
260 |a Kinshasa :  |b Publications de l'Ifep,  |c c1997. 
300 |a 63 p. ;  |c 21 cm. 
504 |a Includes bibliographical references (p. 47-48). 
650 0 |a Political parties  |z Congo (Democratic Republic) 
651 0 |a Congo (Democratic Republic)  |x Politics and government  |y 1960-1997. 
651 0 |a Congo (Democratic Republic)  |x Politics and government  |y 1997- 
700 0 |a Mutamba Makombo. 
988 |a 20020608 
049 |a HLSS 
906 |0 OCLC